00901nam a2200241Ia 4500003000400000005001700004008004100021020001800062040001800080041000800098082002100106100002900127245009700156250001200253260005000265300002700315650003300342650003500375650003700410942003000447999001900477952016300496OSt20240511101027.0210716s2013 xx 000 0 und d a9788183223461 cAIMIT LIBRARY aeng a374.22 21bMAXJ aMaxwell, John C.9164021 a17 Indisputable laws of teamwork : bembrace them and empower your team.cBy John C Maxwell. a1st ed. aNew Delhi :bThomson Press India Ltd ,c2013. axii,265p. ;bPBc21 cm aThe law of the niche9164022 aThe law of the compass9164023 aThe law of the price tag9164024 2ddccBKe1stk374.22 MAXJ c208725d208725 00102ddc40708MBAaAIMITbAIMITd2014-10-28g275.00iBill no:585; Bill dt:2014-08-23l0o374.22 MAXJpMBA11291r2026-05-23 00:00:00v206.25w2021-07-16yBK